header

Distortions to agricultural incentives in Europe's transition economies (Record no. 37001)

MARC details
000 -LEADER
fixed length control field 02225nam a22004814a 4500
082 04 - DEWEY DECIMAL CLASSIFICATION NUMBER
Classification number 338.1/847
245 00 - TITLE STATEMENT
Title Distortions to agricultural incentives in Europe's transition economies
260 ## - PUBLICATION, DISTRIBUTION, ETC. (IMPRINT)
Place of publication Washington, D.C. :
Name of publisher World Bank,
Year of publication c2008.
300 ## - PHYSICAL DESCRIPTION
Number of Pages xviii, 379 p. :
Other physical details ill., map.
490 1# - SERIES STATEMENT
Series statement Trade and development
505 0# - FORMATTED CONTENTS NOTE
Formatted contents note New EU member countries / Pavel Ciaian and Johan Swinnen -- Turkey / Alison Burrell and Marianne Kurzweil -- The Russian Federation / William M. Liefert and Olga Liefert -- Ukraine / Stephan von Cramon-Taubadel ... [et al.] -- Kazakhstan / Richard Pomfret -- The Kyrgyz Republic / Garry Christensen and Richard Pomfret -- Tajikistan, Turkmenistan, and Uzbekistan / Richard Pomfret.
650 #0 - SUBJECT ADDED ENTRY--TOPICAL TERM
Topical Term Agriculture and state
Topical Term Agriculture and state
Topical Term Agricultural subsidies
Topical Term Agricultural subsidies
Topical Term Agricultural industries
Topical Term Agricultural industries
700 1# - ADDED ENTRY--PERSONAL NAME
Personal name Anderson, Kym.
Personal name Swinnen, Johan F. M.,
856 40 - ELECTRONIC LOCATION AND ACCESS
Uniform Resource Identifier http://site.ebrary.com/lib/rucke/Doc?id=10236064

No items available.

© 2026 Rongo University
Contact us: librarian | system librarian | Rongo university